|
|
|
|
| LEADER |
00000nab a2200000 a 4500 |
| 001 |
vtls000369724 |
| 003 |
SK-MaSNL |
| 005 |
20260304081301.0 |
| 008 |
250424c1989 xo 0 slo |
| 015 |
|
|
|a SNBRB19rr/mm-uuuuu
|
| 035 |
|
|
|a CL0369846
|
| 035 |
|
|
|a urn:nbn:sk:snk-ab6uo3
|
| 035 |
|
|
|a (uuid)b9f5d892-7832-457a-aa9b-5d91c244db6d
|
| 035 |
|
|
|a (urnnbn)urn:nbn:sk:snk:ar-a05zcz
|
| 035 |
|
|
|a (sysno)vtls000369724
|
| 040 |
|
|
|a SNKBUCL
|b slo
|c SNKBUCL
|e AACR2
|
| 041 |
0 |
|
|a cze
|
| 044 |
|
|
|a xo
|c SK
|
| 080 |
|
|
|a 613.81/.83:061.3
|2 1981
|
| 080 |
|
|
|a 061.3
|2 1981
|
| 100 |
1 |
|
|a Trouzová, M.
|4 aut
|9 1369645
|
| 245 |
1 |
0 |
|a Zpráva o 35. mezinárodním kongresu o závislosti na alkoholu a jiných drogách
|c M. Trouzová ; M. Frouzová
|
| 650 |
0 |
7 |
|a alkoholizmus
|2 snkbucl
|9 14184
|
| 650 |
0 |
7 |
|a drogová závislosť
|2 snkbucl
|9 1551
|
| 655 |
|
7 |
|a články z novín a časopisov
|2 snkbucl
|9 267496
|
| 700 |
1 |
|
|a Frouzová, Magdalena,
|d 1948-
|4 aut
|9 218329
|
| 773 |
0 |
|
|t Protialkoholický obzor
|g Roč. 24, č. 5 (1989), s. 307-308
|
| 850 |
|
|
|a Slovenská národná knižnica
|
| 852 |
|
|
|a Slovenská národná knižnica
|
| 954 |
|
|
|a odborná, vedecká literatúra cudzojazyčná (svetová)
|2 lita
|
| 958 |
|
|
|a article2022
|
| 958 |
|
|
|a RK
|
| 958 |
|
|
|a MI
|
| 958 |
|
|
|a OND
|
| 958 |
|
|
|a EUIPO
|
| 992 |
|
|
|a RBX
|
| 999 |
|
|
|c 2790213
|d 2792143
|